Anne of green gables / (Registro nro. 14201)

Detalles MARC
000 -LIDER
fixed length control field 00669nam a2200241 4500
001 - NÚMERO DE CONTROL
Identificador de número de control
003 - IDENTIFICACDOR DE NÚMERO DE CONTROL
control field DO-SdBNP
005 - DATE AND TIME OF LATEST TRANSACTION
control field 20220512083320.0
008 - ELEMENTOS DE LONGITUD FIJA
fixed length control field 131129s1994 nyu j b eng
020 ## - ISBN
International Standard Book Number 1566194849
040 ## - FUENTE DE CATALOGACIÓN
Agencia que crea de manera original el registro BPMSU
Idioma de catalogación spa
Agencia que realiza la transcripción BPMSU
Convenciones de la despripción
082 ## - NÚMERO DE CLASIFICACIÓN DECIMAL DE DEWEY
Classification number 819.3
Item number M787a
Edition number 22
100 1# - ASIENTO PRINCIPAL -- NOMBRE PERSONAL
Nombre personal Montgomery, Lucy Moud
Fechas asociadas con el nombre 1874-1942.
245 10 - MENCIÓN DE TITULO
Título Anne of green gables /
Mención de responsabilidad Lucy M. Montgomery
260 ## - PUBLICACIÓN, DISTRIBUCIÓN, ETC. (PIE DE IMPRENTA)
Lugar de publicación, distribución, etc Neu York :
Nombre del editor, distribuidor, etc. Barnes & Noble Books,
Fecha de publicación, distribución, etc 1994
300 ## - DESCRIPCIÓN FÍSICA
Extensión 279 p.;
Dimensiones 23 cm
Otros detalles físicos
590 ## - NOTA LOCAL
Enlace Inventariado, 2022/VM
650 #4 - ENCABEZAMIENTO DE MATERIA--TEMÁTICO
Término temático o nombre geográfico como elemento de entrada Novela juvenil canadiense.
Subdivisión temática general Libros de lectura.
Subdivisión de forma
Fuente del encabezamiento o término
700 1# - ASIENTO SECUNDARIO -- NOMBRE PERSONAL
Nombre personal D'Altan, Paolo
910 ## - VALIDACIÓN
Validación VMateo v.
942 ## - ADDED ENTRY ELEMENTS (KOHA)
Source of classification or shelving scheme Dewey Decimal Classification
Koha item type Libros
956 ## - LOCAL ELECTRONIC LOCATION AND ACCESS (OCLC)
Nombre de host 2
Existencias
Withdrawn status Lost status Source of classification or shelving scheme Damaged status Not for loan Collection code Home library Current library Date acquired Source of acquisition Full call number Barcode Date last seen Price effective from Koha item type
    Dewey Decimal Classification     Colección General Biblioteca Pública Metropolitana Salomé Ureña Biblioteca Pública Metropolitana Salomé Ureña 05/12/2022 Martha BPMSU CG 819.3 M787a 1994 BPMSU22050037 05/12/2022 05/12/2022 Libros